[Event "Russian Championship B11 2016"]
[Site "Loo"]
[Date "2016.04.24"]
[Round "5.4"]
[White "Kochetov, Vladislav"]
[Black "Trofimov, Pavel"]
[Result "0-1"]
[WhiteElo "1674"]
[BlackElo "1748"]
[PlyCount "92"]
[EventDate "2016.04.20"]

1. e4 c5 2. Nf3 d6 3. c3 Nf6 4. Be2 Nbd7 5. d3 g6 6. O-O Bg7 7. Re1 O-O 8. Bf1
b6 9. d4 Bb7 10. Bd3 e5 11. d5 h6 12. h3 Nh7 13. Nh2 f5 14. c4 Qh4 15. Nf3 Qf6
16. Nc3 Rae8 17. Qa4 Bc8 18. Qxa7 Ng5 19. Nxg5 hxg5 20. Qa4 Kf7 21. Nb5 Nb8 22.
Qa7+ Kg8 23. Rf1 Na6 24. Qxb6 Rd8 25. Qa5 Nb4 26. Qa3 g4 27. hxg4 fxg4 28. Bb1
Rf7 29. Qg3 Bf8 30. f3 Rh7 31. Kf2 gxf3 32. Qxf3 Qh4+ 33. g3 Qh2+ 34. Ke1 Be7
35. Qf2 Qh3 36. Qg1 Qg4 37. a3 Rh3 38. Be3 Rxg3 39. Qf2 Rf8 40. Qd2 Rxf1+ 41.
Kxf1 Qh3+ 42. Ke1 Qh1+ 43. Ke2 Bg4+ 44. Kf2 Rf3+ 45. Ke2 Qh2+ 46. Ke1 Rf1+ 0-1

[Event "Russian Championship B11 2016"]
[Site "Loo"]
[Date "2016.04.24"]
[Round "5.5"]
[White "Titov, Alexander"]
[Black "Prokhorov, Stepan"]
[Result "1-0"]
[WhiteElo "1641"]
[BlackElo "1689"]
[PlyCount "63"]
[EventDate "2016.04.20"]

1. d4 d5 2. Nf3 Bf5 3. c4 e6 4. g3 Nf6 5. a3 c5 6. cxd5 Nxd5 7. Bg2 Nb6 8. O-O
Be7 9. dxc5 Qxd1 10. Rxd1 Bxc5 11. Ne5 N8d7 12. Nxd7 Nxd7 13. Bxb7 Rb8 14. Bc6
Rd8 15. Bf4 Bb6 16. Nc3 f6 17. Nb5 g5 18. Nd6+ Ke7 19. Nxf5+ exf5 20. Bd6+ Kf7
21. a4 Ne5 22. Bb5 a5 23. b4 axb4 24. Bxb4 Ng4 25. e3 f4 26. h3 Ne5 27. exf4
gxf4 28. Rxd8 Rxd8 29. gxf4 Ng6 30. a5 Ba7 31. Rc1 Bb8 32. a6 1-0

[Event "Russian Championship B11 2016"]
[Site "Loo"]
[Date "2016.04.24"]
[Round "5.6"]
[White "Atovmian, Artem"]
[Black "Krivenko, Dmitry"]
[Result "1/2-1/2"]
[WhiteElo "1682"]
[BlackElo "1536"]
[PlyCount "133"]
[EventDate "2016.04.20"]

1. e4 d5 2. exd5 Nf6 3. d4 Nxd5 4. Nf3 g6 5. Be2 Bg7 6. c3 O-O 7. O-O c5 8.
dxc5 Na6 9. c6 bxc6 10. Na3 Qc7 11. Bc4 Rd8 12. Qe2 Nc5 13. Bg5 Ne6 14. Nc2
Nxg5 15. Nxg5 Qf4 16. Ne4 Qh4 17. Rfe1 Nf4 18. Qf3 e5 19. Ne3 Rb8 20. b3 h6 21.
Rad1 Be6 22. g3 Nh3+ 23. Kg2 Qe7 24. Bxe6 Qxe6 25. Ng4 f5 26. Nef6+ Bxf6 27.
Nxf6+ Qxf6 28. Kxh3 Qe6 29. Kg2 e4 30. Qe3 g5 31. Qxa7 f4 32. Qa6 f3+ 33. Kg1
Qh3 34. Qf1 Qxf1+ 35. Kxf1 Rd3 36. Rxd3 exd3 37. Rd1 Rd8 38. Ke1 Re8+ 39. Kd2
Re2+ 40. Kxd3 Rxf2 41. Ke3 Rc2 42. Kxf3 Rxc3+ 43. Kg4 Rc2 44. h3 Rxa2 45. Rd6
Ra3 46. Rxc6 h5+ 47. Kxh5 Rxb3 48. Rg6+ Kh7 49. Rxg5 Rb6 50. h4 Rf6 51. Kg4 Kh6
52. Rf5 Rg6+ 53. Kf4 Ra6 54. g4 Ra4+ 55. Kg3 Ra3+ 56. Rf3 Ra6 57. h5 Ra4 58.
Rf6+ Kg7 59. g5 Ra1 60. h6+ Kh7 61. Rf7+ Kg8 62. h7+ Kh8 63. Kg4 Rg1+ 64. Kh4
Rh1+ 65. Kg4 Rg1+ 66. Kf5 Rxg5+ 67. Kxg5 1/2-1/2

[Event "Russian Championship B11 2016"]
[Site "Loo"]
[Date "2016.04.24"]
[Round "5.7"]
[White "Grebnev, Aleksey"]
[Black "Safin, Robert"]
[Result "1-0"]
[WhiteElo "1766"]
[BlackElo "1618"]
[PlyCount "93"]
[EventDate "2016.04.20"]

1. e4 c5 2. Nf3 Nc6 3. d4 cxd4 4. Nxd4 Nf6 5. Nc3 e5 6. Ndb5 d6 7. Bg5 a6 8.
Na3 b5 9. Bxf6 gxf6 10. Nd5 f5 11. g3 fxe4 12. Bg2 Bf5 13. c3 Bg7 14. Nc2 O-O
15. Nce3 Bg6 16. h4 f5 17. h5 Be8 18. h6 Bh8 19. Qb3 Bf7 20. Nxf5 Re8 21. Bxe4
Rb8 22. Rd1 Na5 23. Qc2 Nc4 24. Ng7 Bxg7 25. hxg7 h5 26. Bg6 Qg5 27. Bxh5 Bxd5
28. Rxd5 Red8 29. Be2 Qxg7 30. Rh4 Ne3 31. Qe4 Nxd5 32. Rg4 Nf6 33. Rxg7+ Kxg7
34. Qf5 Rf8 35. g4 Rbd8 36. g5 Nh7 37. Qg4 Rh8 38. Kf1 Nf8 39. Qf5 Nh7 40. Bd3
Nxg5 41. Qg6+ Kf8 42. Qf6+ Nf7 43. Bg6 Rd7 44. Bxf7 Rh1+ 45. Kg2 Rxf7 46. Qxd6+
Ke8 47. Kxh1 1-0

[Event "Russian Championship B11 2016"]
[Site "Loo"]
[Date "2016.04.24"]
[Round "5.8"]
[White "Merts, Dmitrii"]
[Black "Ryabov, Georgi"]
[Result "1/2-1/2"]
[WhiteElo "1578"]
[BlackElo "1715"]
[PlyCount "84"]
[EventDate "2016.04.20"]

1. e4 e5 2. Nf3 Nc6 3. Bb5 d6 4. d4 exd4 5. Nxd4 Bd7 6. Nc3 Nf6 7. Be3 Be7 8.
f3 Ne5 9. Nf5 O-O 10. Bxd7 Qxd7 11. Qe2 a6 12. Bg5 c6 13. Rd1 Qe6 14. O-O Rad8
15. Rfe1 h6 16. Bh4 Ng6 17. Bf2 Rfe8 18. Rd2 d5 19. Nxe7+ Rxe7 20. Qd1 Rde8 21.
Rde2 dxe4 22. Nxe4 Nxe4 23. Rxe4 Qc8 24. Rxe7 Rxe7 25. Rxe7 Nxe7 26. c4 b5 27.
b3 f6 28. Qd3 Kf7 29. Bc5 Qe6 30. Bf2 Qe5 31. Qb1 Qc3 32. cxb5 cxb5 33. a4 bxa4
34. bxa4 Qc4 35. a5 Qd5 36. Bb6 Nc6 37. Qe1 Qe5 38. Qd2 Ke6 39. g3 g5 40. Kf2
f5 41. h4 f4 42. gxf4 gxf4 1/2-1/2

[Event "Russian Championship B11 2016"]
[Site "Loo"]
[Date "2016.04.24"]
[Round "5.9"]
[White "Chugunov, Vadim"]
[Black "Putrenko, Kirill"]
[Result "0-1"]
[WhiteElo "1710"]
[BlackElo "1647"]
[PlyCount "120"]
[EventDate "2016.04.20"]

1. e4 c5 2. Nf3 e6 3. d4 cxd4 4. Nxd4 Qb6 5. Nb3 Nc6 6. Qe2 Qc7 7. Nc3 a6 8.
Be3 Bd6 9. O-O-O Nf6 10. Qd2 Bb4 11. f3 b5 12. a3 Be7 13. Na2 Bb7 14. Bf4 e5
15. Bg5 Rc8 16. Kb1 O-O 17. Bxf6 Bxf6 18. Be2 Nd4 19. Nxd4 exd4 20. Bd3 Rfe8
21. g4 d5 22. exd5 Bxd5 23. Rhf1 Bc4 24. g5 Bxd3 25. cxd3 Be5 26. f4 Bd6 27. h4
Re3 28. Qf2 Qe7 29. Rc1 Re8 30. Qd2 Re2 31. Qd1 Qe3 32. Rc2 Rxc2 33. Qxc2 Bxf4
34. Nb4 Bg3 35. Nd5 Qe2 36. Qxe2 Rxe2 37. Rc1 Re1 38. Rxe1 Bxe1 39. h5 Bh4 40.
g6 hxg6 41. hxg6 fxg6 42. Nc7 Bg3 43. Ne6 Be5 44. Nc5 g5 45. Kc2 g4 46. Kd1 Kf7
47. b4 Bc7 48. Nb3 Bb6 49. Ke2 Ke6 50. Kf2 Kf5 51. Kg3 Bc7+ 52. Kg2 Be5 53. Nc5
Kf4 54. Nxa6 Bd6 55. Kf2 Kf5 56. Kg2 Ke6 57. Nc5+ Bxc5 58. bxc5 Kd5 59. c6 Kxc6
60. Kg3 Kc5 0-1

[Event "Russian Championship B11 2016"]
[Site "Loo"]
[Date "2016.04.24"]
[Round "5.10"]
[White "Poroshin, Aleksandr"]
[Black "Simonyan, Grigori"]
[Result "1-0"]
[WhiteElo "1599"]
[BlackElo "1589"]
[PlyCount "69"]
[EventDate "2016.04.20"]

1. d4 Nc6 2. Nf3 d6 3. d5 Ne5 4. Nxe5 dxe5 5. e4 a6 6. Nc3 e6 7. Be3 Nf6 8. Bg5
Be7 9. dxe6 Bxe6 10. Bd3 O-O 11. O-O c6 12. h3 Qb6 13. b3 Rfd8 14. Be3 Qc7 15.
Qe2 Nd7 16. Rad1 Nc5 17. f4 Nxd3 18. cxd3 exf4 19. Bxf4 Bd6 20. Bxd6 Rxd6 21.
d4 Rad8 22. Qf2 Qd7 23. Ne2 f6 24. Rd3 Bf7 25. Rg3 Re6 26. Re3 Bg6 27. e5 fxe5
28. dxe5 Qe8 29. Nf4 Re7 30. Nxg6 Qxg6 31. Rf3 Qe8 32. Qc5 Rxe5 33. Rf8+ Qxf8
34. Rxf8+ Rxf8 35. Qxe5 1-0

[Event "Russian Championship B11 2016"]
[Site "Loo"]
[Date "2016.04.24"]
[Round "5.11"]
[White "Makov, Artem"]
[Black "Dudarev, Vladislav"]
[Result "0-1"]
[WhiteElo "1547"]
[BlackElo "1772"]
[PlyCount "62"]
[EventDate "2016.04.20"]

1. d4 d5 2. Nf3 Nf6 3. Bf4 Nc6 4. e3 g6 5. Bd3 Bg7 6. c3 O-O 7. O-O Bg4 8. Nbd2
Re8 9. h3 Bxf3 10. Nxf3 Nd7 11. Qb3 e5 12. dxe5 Ndxe5 13. Nxe5 Nxe5 14. Be2 c6
15. Bxe5 Bxe5 16. Qxb7 Rb8 17. Qxc6 Rxb2 18. Bf3 Qb8 19. c4 Rb6 20. Qxd5 Bxa1
21. Rxa1 Rb1+ 22. Rxb1 Qxb1+ 23. Kh2 Qxa2 24. Kg3 Qb2 25. Qd4 Qb8+ 26. Kh4 Qd8+
27. Kg3 Qc7+ 28. Kh4 Qe7+ 29. Kg3 Qe5+ 30. Kg4 Kg7 31. Qxa7 h5+ 0-1

[Event "Russian Championship B11 2016"]
[Site "Loo"]
[Date "2016.04.24"]
[Round "5.12"]
[White "Ismagilov, Igor"]
[Black "Smirnov, Yaroslav"]
[Result "1/2-1/2"]
[WhiteElo "1719"]
[BlackElo "1440"]
[PlyCount "93"]
[EventDate "2016.04.20"]

1. d4 Nf6 2. Nf3 g6 3. Bg5 Bg7 4. Nbd2 d6 5. e4 O-O 6. Bc4 Nbd7 7. c3 e5 8. O-O
Qe8 9. Re1 h6 10. Bh4 Nh5 11. Bg3 Nxg3 12. hxg3 Nb6 13. Bb3 Bd7 14. Nc4 Bb5 15.
Nxb6 axb6 16. Qc2 Ba4 17. Qe2 Bxb3 18. axb3 exd4 19. Nxd4 Bxd4 20. cxd4 Qe7 21.
Ra4 Rfe8 22. f3 Qd7 23. Rea1 Rab8 24. Qc2 b5 25. Ra7 c6 26. Qd2 Kg7 27. Qc3 Kh7
28. R1a6 Qc8 29. Ra5 Kg8 30. d5 Qd8 31. dxc6 Qb6+ 32. Kh2 Re5 33. g4 bxc6 34.
R7a6 Qd8 35. Qc1 Qh4+ 36. Kg1 Rc5 37. Qd2 Qg3 38. Ra8 Rxa8 39. Rxa8+ Kh7 40.
Rd8 Rc2 41. Qxc2 Qe1+ 42. Kh2 Qh4+ 43. Kg1 Qe1+ 44. Kh2 Qh4+ 45. Kg1 Qe1+ 46.
Kh2 Qh4+ 47. Kg1 1/2-1/2

[Event "Russian Championship B11 2016"]
[Site "Loo"]
[Date "2016.04.24"]
[Round "5.13"]
[White "Tyurin, Artem"]
[Black "Kirushin, Ivan"]
[Result "1/2-1/2"]
[WhiteElo "1532"]
[BlackElo "1592"]
[PlyCount "95"]
[EventDate "2016.04.20"]

1. e4 e5 2. Nf3 f5 3. d3 d6 4. Bg5 Be7 5. Bxe7 Nxe7 6. Nc3 Nbc6 7. Qd2 Be6 8.
d4 fxe4 9. Nxe4 exd4 10. Nxd4 Nxd4 11. Qxd4 Nf5 12. Qd2 Qd7 13. Nc3 O-O-O 14.
O-O-O d5 15. Nb5 a6 16. Qa5 Kb8 17. Nd4 Nxd4 18. Rxd4 Qc6 19. Bd3 Rhf8 20. f3
Bf5 21. Rd1 Qh6+ 22. Kb1 Bxd3 23. R4xd3 Qxh2 24. Rb3 Qd6 25. Rd4 Rfe8 26. a3
Ka7 27. Rdb4 b6 28. Qa4 Qd7 29. Qxd7 Rxd7 30. Rh4 h6 31. Rd3 c5 32. Rd2 d4 33.
Rh1 c4 34. Rhd1 Red8 35. Re2 b5 36. Kc1 Kb6 37. Re6+ Rd6 38. Rxd4 Kc5 39. Rexd6
Rxd6 40. Rxd6 Kxd6 41. Kd2 Kd5 42. Ke3 Ke5 43. b3 cxb3 44. cxb3 g5 45. g4 a5
46. Ke2 Kd6 47. b4 a4 48. Kd2 1/2-1/2

[Event "Russian Championship B11 2016"]
[Site "Loo"]
[Date "2016.04.24"]
[Round "5.14"]
[White "Toropov, Lev"]
[Black "Makinyan, Ruben"]
[Result "0-1"]
[WhiteElo "1466"]
[BlackElo "1583"]
[PlyCount "146"]
[EventDate "2016.04.20"]

1. e4 e5 2. Nf3 Nc6 3. Bb5 Nf6 4. O-O Nxe4 5. d4 Nd6 6. Bxc6 dxc6 7. dxe5 Nf5
8. Qxd8+ Kxd8 9. Rd1+ Bd7 10. Ng5 Ke8 11. Nxf7 Rg8 12. Ng5 h6 13. Ne4 Be7 14.
Nbc3 Rd8 15. b3 Kf7 16. Bb2 Rge8 17. h3 b6 18. f4 Ne3 19. Rd2 Bf5 20. Rxd8 Rxd8
21. Rc1 Rd4 22. Ng3 Rd2 23. Nxf5 Nxf5 24. Nd1 Bc5+ 25. Kh1 Ng3+ 26. Kh2 Ne2 27.
Bc3 Rd5 28. Rb1 Nxf4 29. b4 Bd4 30. Bxd4 Rxd4 31. Rb3 Ke6 32. Ne3 Ng6 33. Ng4
h5 34. Rc3 Ne7 35. Nf2 Rxb4 36. Nd3 Rd4 37. Ra3 a5 38. Rc3 c5 39. g3 Nd5 40.
Nxc5+ Kxe5 41. Nd3+ Kd6 42. Rb3 Rc4 43. Rb2 g5 44. Kg1 c6 45. Kf2 b5 46. Ke2 a4
47. Kd2 Re4 48. Rb1 Ne3 49. Re1 Nc4+ 50. Kc3 Rxe1 51. Nxe1 Ne5 52. Kd4 c5+ 53.
Ke4 Ke6 54. Ng2 Nc4 55. h4 Nd6+ 56. Kf3 g4+ 57. Kf4 Nf5 58. Ne1 Nd4 59. Kg5
Nf3+ 60. Kxh5 Nxe1 61. Kxg4 Nxc2 62. Kg5 Kf7 63. h5 Nd4 64. g4 Ne6+ 65. Kh6 c4
66. g5 c3 67. g6+ Kf6 68. Kh7 c2 69. h6 Nf8+ 70. Kg8 Nxg6 71. h7 Nh8 72. Kxh8
c1=Q 73. Kg8 Qc8# 0-1

[Event "Russian Championship B11 2016"]
[Site "Loo"]
[Date "2016.04.24"]
[Round "5.18"]
[White "Ogloblin, Ilya"]
[Black "Chalov, Egor"]
[Result "1/2-1/2"]
[WhiteElo "1670"]
[BlackElo "1522"]
[PlyCount "84"]
[EventDate "2016.04.20"]

1. e4 c5 2. Nf3 e6 3. d4 cxd4 4. Nxd4 Nf6 5. Nc3 d6 6. Be3 a6 7. Be2 Be7 8. O-O
O-O 9. Bf3 Qc7 10. Re1 Nbd7 11. a3 Ne5 12. h3 b5 13. Be2 Bb7 14. f3 Nc4 15. Qc1
Rac8 16. Bxc4 Qxc4 17. Qd2 Rfd8 18. Qe2 b4 19. Qxc4 Rxc4 20. axb4 Rxb4 21. b3
Nd7 22. Na2 Rb6 23. Bd2 d5 24. Ba5 Bc5 25. Bxb6 Bxb6 26. c3 e5 27. Rad1 exd4
28. cxd4 dxe4 29. fxe4 Nb8 30. Kh1 Rxd4 31. Rxd4 Bxd4 32. Rd1 Bb6 33. Rd6 Bc7
34. Rd1 Kf8 35. Re1 Ke7 36. Re2 Kd6 37. Rf2 f6 38. Rf4 Ke6 39. Rf2 Be5 40. Re2
Nc6 41. b4 Nd4 42. Re1 Kd7 1/2-1/2

[Event "Russian Championship B11 2016"]
[Site "Loo"]
[Date "2016.04.24"]
[Round "5.19"]
[White "Kharkevich, Stepan"]
[Black "Kozachek, Stanislav"]
[Result "1-0"]
[WhiteElo "1614"]
[BlackElo "1484"]
[PlyCount "127"]
[EventDate "2016.04.20"]

1. e4 d6 2. d4 Nf6 3. Nc3 g6 4. Nf3 Bg7 5. Be2 O-O 6. O-O Re8 7. Bf4 Nh5 8. Bg3
f5 9. exf5 Nxg3 10. hxg3 Bxf5 11. Nh4 Bd7 12. d5 e6 13. Bc4 Kh8 14. Re1 exd5
15. Qxd5 Nc6 16. Nf3 h6 17. Nh4 Ne5 18. Bd3 g5 19. Rxe5 gxh4 20. Qe4 Kg8 21.
Qh7+ Kf8 22. Bc4 d5 23. Rxe8+ Bxe8 24. Bxd5 Bf7 25. Qf5 Qe7 26. Bxf7 Qxf7 27.
Qc5+ Kg8 28. gxh4 b6 29. Qd5 Re8 30. Qxf7+ Kxf7 31. Kf1 Bxc3 32. bxc3 c5 33.
Re1 Rd8 34. Rc1 Re8 35. Rd1 Re7 36. f3 h5 37. Kf2 Kg6 38. Rd6+ Kf5 39. Rh6 Rd7
40. Rxh5+ Kg6 41. Rg5+ Kh6 42. Ke2 c4 43. f4 a6 44. g4 Re7+ 45. Re5 Rb7 46. f5
a5 47. Re6+ Kg7 48. f6+ Kf8 49. g5 b5 50. g6 Rb8 51. Re7 b4 52. Rh7 Kg8 53. h5
Rb6 54. Rf7 b3 55. cxb3 cxb3 56. axb3 Re6+ 57. Kd2 Rd6+ 58. Kc2 Re6 59. h6 Re2+
60. Kd3 Rh2 61. h7+ Rxh7 62. Rxh7 a4 63. Rd7 a3 64. Rd8# 1-0

[Event "Russian Championship B11 2016"]
[Site "Loo"]
[Date "2016.04.24"]
[Round "5.22"]
[White "Fedoseev, Ilya"]
[Black "Grunin, Denis"]
[Result "1-0"]
[WhiteElo "1437"]
[BlackElo "1605"]
[PlyCount "99"]
[EventDate "2016.04.20"]

1. d4 Nf6 2. c4 g6 3. Nc3 d5 4. e3 Bg7 5. Nf3 O-O 6. Bd3 c5 7. O-O cxd4 8. exd4
Nc6 9. h3 Nb4 10. Be3 Nxd3 11. Qxd3 Bf5 12. Qe2 Be4 13. cxd5 Bxd5 14. Nxd5 Nxd5
15. Rfd1 Nxe3 16. fxe3 Qb6 17. Rd3 Qb5 18. Qd2 Rac8 19. e4 Qc6 20. e5 Qc2 21.
Rd1 Qxd2 22. R3xd2 Bh6 23. Re2 Rc4 24. d5 Rd8 25. d6 exd6 26. Rxd6 Rc1+ 27. Kf2
Rxd6 28. exd6 Rd1 29. Re7 Rxd6 30. Rxb7 Ra6 31. a3 Rb6 32. Rxb6 axb6 33. a4 Bf4
34. b4 Bd6 35. b5 f6 36. Nd2 Kf7 37. Ne4 Bb4 38. Ke3 Ke6 39. Kd4 Be1 40. Ke3
Ke5 41. Kd3 h6 42. Nc3 f5 43. Ne2 g5 44. Nd4 g4 45. hxg4 fxg4 46. Ke3 g3 47.
Nf3+ Kd5 48. Nxe1 Kc4 49. Nc2 Kb3 50. a5 1-0

[Event "Russian Championship B11 2016"]
[Site "Loo"]
[Date "2016.04.24"]
[Round "5.23"]
[White "Surkov, Alexander"]
[Black "Kagan, Mikhail"]
[Result "1-0"]
[WhiteElo "1540"]
[BlackElo "1429"]
[PlyCount "107"]
[EventDate "2016.04.20"]

1. e4 e5 2. Nf3 Nc6 3. d4 exd4 4. Nxd4 Nf6 5. Nc3 Bb4 6. Nxc6 bxc6 7. Bd3 d5 8.
exd5 cxd5 9. O-O O-O 10. Bg5 c6 11. Na4 Bd6 12. Qf3 h6 13. Bxf6 Qxf6 14. Qxf6
gxf6 15. Rfe1 Bd7 16. c4 c5 17. Nc3 d4 18. Ne4 Be7 19. Ng3 Rfe8 20. Nf5 Bxf5
21. Bxf5 Bd6 22. g3 Re5 23. Bd7 Rb8 24. b3 Rb7 25. Bg4 Rbe7 26. Kf1 Kg7 27. f4
Re3 28. Rxe3 Rxe3 29. Re1 Rc3 30. Bd1 Rd3 31. Ke2 Rc3 32. Kd2 Kg6 33. Bc2+ f5
34. Re8 Rf3 35. Bd1 Rf2+ 36. Be2 Rxh2 37. Ra8 Rg2 38. Rxa7 f6 39. Rd7 Bf8 40.
Rd8 Be7 41. Rb8 Rg1 42. a4 Ra1 43. Bd3 Bd6 44. Rb6 Bc7 45. Ra6 h5 46. Kc2 Ra2+
47. Kb1 Rg2 48. Rc6 Ba5 49. Rxc5 Bc3 50. Bxf5+ Kh6 51. Rc7 Rg1+ 52. Kc2 Rg2+
53. Kd3 Rd2+ 54. Ke4 1-0

[Event "Russian Championship B13 1st league 2016"]
[Site "Loo"]
[Date "2016.04.24"]
[Round "5.1"]
[White "Erastov, Semen"]
[Black "Zhukov, Maksim"]
[Result "0-1"]
[WhiteElo "1775"]
[BlackElo "1861"]
[PlyCount "112"]
[EventDate "2016.04.20"]

1. e4 d5 2. exd5 Nf6 3. d4 Nxd5 4. Nf3 Bg4 5. Be2 e6 6. O-O Bd6 7. c4 Nf6 8.
Nc3 O-O 9. Re1 Nbd7 10. Bg5 h6 11. Bh4 c6 12. c5 Be7 13. b4 Nd5 14. Bxe7 Nxe7
15. Qb3 Bxf3 16. Bxf3 Nf5 17. Rad1 Nf6 18. Be4 Nxe4 19. Nxe4 Qc7 20. Ng3 Nxg3
21. hxg3 Rfd8 22. Re2 Rd5 23. a4 Rad8 24. Red2 e5 25. Qb2 Qd7 26. b5 Rxd4 27.
Rxd4 exd4 28. bxc6 bxc6 29. Rd3 Qd5 30. Qb4 Qe4 31. Qd2 Rd5 32. Qd1 Qe5 33. Qd2
Rxc5 34. Rxd4 Rd5 35. Rxd5 Qxd5 36. Qf4 a5 37. Qb8+ Kh7 38. Qb1+ g6 39. Qc2 c5
40. g4 Qd4 41. g5 hxg5 42. Kf1 c4 43. g3 c3 44. Ke2 Qc4+ 45. Ke3 f5 46. f3 f4+
47. gxf4 gxf4+ 48. Kf2 Qd4+ 49. Kf1 Qe3 50. Qd1 Qe6 51. Qd3 Qc6 52. Qc2 Qxf3+
53. Kg1 Qe3+ 54. Kf1 Qh3+ 55. Kg1 f3 56. Qa2 Qg2+ 0-1

[Event "Russian Championship B13 1st league 2016"]
[Site "Loo"]
[Date "2016.04.24"]
[Round "5.2"]
[White "Galiev, Irek"]
[Black "Trofimov, Ivan"]
[Result "1/2-1/2"]
[WhiteElo "1859"]
[BlackElo "1597"]
[PlyCount "120"]
[EventDate "2016.04.20"]

1. d4 d5 2. Nf3 Nf6 3. c4 e6 4. Nc3 Be7 5. Bg5 O-O 6. Qc2 h6 7. Bxf6 Bxf6 8.
O-O-O b6 9. g4 Bb7 10. cxd5 Bxd5 11. Nxd5 Qxd5 12. Kb1 Qc6 13. Qxc6 Nxc6 14. e3
Ne7 15. Rc1 c6 16. Bg2 Rac8 17. h4 g6 18. Nd2 Bg7 19. g5 h5 20. Rc2 e5 21. dxe5
Bxe5 22. Nc4 Bb8 23. Rd1 c5 24. Rcd2 Nf5 25. Bh3 Rce8 26. Bxf5 gxf5 27. Nd6 Re5
28. Rd5 Bxd6 29. Rxd6 Re4 30. Rh1 f4 31. Rd3 fxe3 32. Rxe3 Rxe3 33. fxe3 Re8
34. Rh3 Re4 35. Kc2 c4 36. Kd2 Kg7 37. Ke2 Kg6 38. Kf3 Rg4 39. Rh2 f6 40. gxf6
Kxf6 41. Rh1 b5 42. Rh2 a5 43. Rh1 Ke5 44. Rh2 b4 45. b3 c3 46. Rh1 Ke6 47. Kf2
Kf5 48. Kf3 c2 49. e4+ Rxe4 50. Rc1 Rxh4 51. Rxc2 Rh3+ 52. Kg2 Rc3 53. Re2 Kf4
54. Rf2+ Ke4 55. Kf1 Kd3 56. Rf3+ Kc2 57. Rf5 Kb2 58. Rxa5 h4 59. Ra4 Rf3+ 60.
Kg2 Rf4 1/2-1/2

[Event "Russian Championship B13 1st league 2016"]
[Site "Loo"]
[Date "2016.04.24"]
[Round "5.3"]
[White "Kundianok, Vladislav"]
[Black "Volovich, Vasily"]
[Result "0-1"]
[WhiteElo "1767"]
[BlackElo "1875"]
[PlyCount "94"]
[EventDate "2016.04.20"]

1. e4 e5 2. Nf3 Nc6 3. Bb5 a6 4. Ba4 Nf6 5. O-O Be7 6. d4 b5 7. Bb3 Nxe4 8.
Nxe5 Nxe5 9. Bd5 Nc6 10. Bxe4 d5 11. Bf3 O-O 12. Nc3 Be6 13. Ne2 Bf6 14. Be3 g5
15. Ng3 h6 16. Bg4 Qd7 17. Bxe6 fxe6 18. Qg4 Kh7 19. c3 b4 20. Qe2 Qf7 21. Qd3+
Qg6 22. Qxg6+ Kxg6 23. f4 bxc3 24. bxc3 Na5 25. f5+ exf5 26. Rxf5 c6 27. Rf2
Nc4 28. Bc1 Rab8 29. Nf1 c5 30. Ne3 cxd4 31. Nxd5 dxc3 32. Nxf6 Rxf6 33. Rc2
Rd8 34. h3 Rd3 35. Kh2 Rb6 36. Kg1 Kf5 37. Kf2 Ke4 38. Re2+ Kd4 39. Rc2 Rf6+
40. Ke2 Re6+ 41. Kf2 Rd1 42. a4 Ree1 43. Re2 Rf1+ 44. Kg3 Rxc1 45. Raa2 Ne3 46.
Rf2 Rxf2 47. Rxf2 Rf1 0-1

[Event "Russian Championship B13 1st league 2016"]
[Site "Loo"]
[Date "2016.04.24"]
[Round "5.4"]
[White "Smirnov, Dmitrii"]
[Black "Dudin, Gleb"]
[Result "1/2-1/2"]
[WhiteElo "1735"]
[BlackElo "1857"]
[PlyCount "95"]
[EventDate "2016.04.20"]

1. d4 d6 2. e4 g6 3. Nc3 Bg7 4. f4 a6 5. Be2 c5 6. Be3 cxd4 7. Bxd4 Bxd4 8.
Qxd4 Nf6 9. Nd5 Nc6 10. Nxf6+ exf6 11. Qd2 f5 12. exf5 Bxf5 13. c3 Rc8 14. Qe3+
Kf8 15. Nf3 Kg7 16. O-O Re8 17. Qf2 Qa5 18. Nh4 Be4 19. b4 Qd5 20. Rad1 Qe6 21.
f5 Bxf5 22. Nxf5+ Qxf5 23. Rxd6 Qxf2+ 24. Rxf2 Ne5 25. c4 Nxc4 26. Rd7 Ne5 27.
Rxb7 Rb8 28. Bxa6 Rxb7 29. Bxb7 Rb8 30. Bd5 Rxb4 31. Bb3 f5 32. Rd2 h5 33. h3
Nc6 34. Rd7+ Kh6 35. Rd6 Ne5 36. Kf2 Kg5 37. Rd5 Nc6 38. Rc5 Rb6 39. a4 Rxb3
40. Rxc6 Ra3 41. Ra6 f4 42. Ra8 Kf5 43. a5 g5 44. a6 Ra2+ 45. Kg1 Ra1+ 46. Kf2
Ra2+ 47. Kg1 Ra1+ 48. Kf2 1/2-1/2

[Event "Russian Championship B13 1st league 2016"]
[Site "Loo"]
[Date "2016.04.24"]
[Round "5.5"]
[White "Shalimo, Eugene"]
[Black "Ril, Evgeny"]
[Result "1/2-1/2"]
[WhiteElo "1445"]
[BlackElo "1797"]
[PlyCount "84"]
[EventDate "2016.04.20"]

1. Nf3 Nf6 2. g3 d5 3. Bg2 e6 4. O-O Be7 5. d4 O-O 6. Nbd2 b6 7. c4 Bb7 8. b3
Nbd7 9. Bb2 c5 10. e3 Rc8 11. Rc1 h6 12. Qe2 Qc7 13. Rfd1 Qb8 14. Ne5 Rfd8 15.
Ndf3 Nxe5 16. Nxe5 Nd7 17. Nxd7 Rxd7 18. dxc5 bxc5 19. cxd5 Bxd5 20. Qg4 Bf8
21. Bxd5 Rxd5 22. Rxd5 exd5 23. Be5 Qb7 24. Qf3 Rd8 25. Qg4 Qb6 26. h4 Qe6 27.
Qf4 Qa6 28. a4 Rc8 29. Qf3 Qe6 30. Bb2 Rb8 31. Ba3 Qc6 32. Qd1 Be7 33. Qc2 Rc8
34. Qf5 Rb8 35. Qc2 Rc8 36. Qf5 Qe6 37. Qc2 Qe5 38. Qd3 Qd6 39. Qf5 Qe6 40. Qd3
Qd6 41. Qf5 Qe6 42. Qd3 Qd6 1/2-1/2

[Event "Russian Championship B13 1st league 2016"]
[Site "Loo"]
[Date "2016.04.24"]
[Round "5.7"]
[White "Tsymbal, Evgeny"]
[Black "Mutovin, Egor"]
[Result "0-1"]
[WhiteElo "1652"]
[BlackElo "1801"]
[PlyCount "78"]
[EventDate "2016.04.20"]

1. d4 Nf6 2. Nf3 e6 3. e3 c5 4. Nbd2 b6 5. Bd3 Bb7 6. O-O Be7 7. Re1 O-O 8. a3
d6 9. b3 Nbd7 10. Bb2 Re8 11. c4 d5 12. Ne5 Bf8 13. Ndf3 Nxe5 14. Nxe5 g6 15.
f4 Ne4 16. Bxe4 dxe4 17. dxc5 Bxc5 18. b4 Bf8 19. Qa4 Bg7 20. Rad1 Qc8 21. Nxf7
Bxb2 22. Nd6 Qc6 23. b5 Qc7 24. Nxe8 Rxe8 25. Qb3 Bf6 26. Rd2 Rd8 27. Red1 Rxd2
28. Rxd2 Be7 29. g4 Bc8 30. f5 Bc5 31. Rf2 exf5 32. gxf5 Bxf5 33. Qc3 Qg7 34.
Qd2 Qd7 35. Kf1 Qd3+ 36. Qxd3 exd3 37. Rd2 Bxe3 38. Ke1 Bxd2+ 39. Kxd2 Kf7 0-1

[Event "Russian Championship B13 1st league 2016"]
[Site "Loo"]
[Date "2016.04.24"]
[Round "5.8"]
[White "Shoshin, Kirill"]
[Black "Aralovetc, Mikhail"]
[Result "1-0"]
[WhiteElo "1746"]
[BlackElo "1625"]
[PlyCount "59"]
[EventDate "2016.04.20"]

1. e4 c5 2. Nf3 Qc7 3. c3 Nc6 4. d4 cxd4 5. cxd4 e6 6. Nc3 a6 7. Be3 b5 8. Rc1
Bb4 9. a3 Bxc3+ 10. Rxc3 Nf6 11. Bd3 Bb7 12. O-O O-O 13. d5 exd5 14. exd5 Nxd5
15. Bxh7+ Kxh7 16. Qxd5 f6 17. Qf5+ Kg8 18. Rd1 Rf7 19. Bf4 Qd8 20. Rcd3 Bc8
21. Qd5 Ra7 22. Qxc6 Qe8 23. Qc5 Rb7 24. Re3 Qd8 25. Rc3 Rf8 26. Rdc1 Qa5 27.
Qd5+ Kh7 28. Rxc8 Rxc8 29. Qh5+ Kg8 30. Rxc8+ 1-0

[Event "Russian Championship B13 1st league 2016"]
[Site "Loo"]
[Date "2016.04.24"]
[Round "5.9"]
[White "Shakirov, Marat"]
[Black "Arbuzov, Timofey"]
[Result "0-1"]
[WhiteElo "1648"]
[BlackElo "1739"]
[PlyCount "64"]
[EventDate "2016.04.20"]

1. e4 d6 2. d4 Nf6 3. Nc3 Nbd7 4. Nf3 e5 5. dxe5 dxe5 6. Bg5 Bb4 7. Qd3 c6 8.
O-O-O Be7 9. Bxf6 Bxf6 10. Qe3 Qc7 11. Nd2 Be7 12. Nb3 b5 13. Bd3 a5 14. a4 b4
15. Ne2 Nb6 16. Ng3 Nxa4 17. Nf5 Bxf5 18. exf5 O-O 19. Qe4 Bg5+ 20. Kb1 Qb6 21.
h4 Bf6 22. Bc4 Nc3+ 23. bxc3 a4 24. cxb4 axb3 25. cxb3 Qa7 26. Kc2 Qxf2+ 27.
Kc3 Ra2 28. Rhf1 Qb2+ 29. Kd3 Rd8+ 30. Ke3 Rxd1 31. Rxd1 Qf2+ 32. Kd3 Bxh4 0-1

[Event "Russian Championship B13 1st league 2016"]
[Site "Loo"]
[Date "2016.04.24"]
[Round "5.10"]
[White "Smelykh, Edvin"]
[Black "Yastrebov, Nikita"]
[Result "0-1"]
[WhiteElo "1595"]
[BlackElo "1725"]
[PlyCount "92"]
[EventDate "2016.04.20"]

1. e4 d6 2. d4 Nf6 3. Nc3 g6 4. Bd3 Bg7 5. h3 O-O 6. f4 c5 7. d5 e6 8. dxe6
fxe6 9. Be3 a6 10. a4 Nc6 11. g4 Nd4 12. Nf3 Qb6 13. Rb1 d5 14. e5 Nd7 15. Bxd4
cxd4 16. Ne2 Nc5 17. Nexd4 Rxf4 18. Qd2 Nxd3+ 19. Qxd3 Re4+ 20. Ne2 Re3 21. Qd4
Qxd4 22. Nfxd4 Bxe5 23. Kd2 Bxd4 24. Nxd4 Re4 25. Nf3 Bd7 26. b3 Rf8 27. Ne1
Rf2+ 28. Kc3 Ree2 29. Rc1 Bc6 30. Nd3 Re3 31. Kd4 Rff3 32. Rce1 Re4+ 33. Rxe4
dxe4 34. Ne5 Rf2 35. Nxc6 bxc6 36. c3 Rf3 37. b4 e5+ 38. Kxe4 Rxc3 39. Kxe5 Rb3
40. Rc1 Rxb4 41. Rxc6 Rxa4 42. Kf6 Rf4+ 43. Kg5 Rf3 44. h4 Kg7 45. h5 h6+ 46.
Kh4 g5# 0-1